01460nam a22004097a 4500003000500000005001700005008004100022010001100063011001100074020001800085035001100103040000900114082001800123110000800141245008800149260003400237300005500271490004300326590004100369590004100410590004100451590004200492650002100534650001900555650003300574650003200607650002800639650002200667700003600689830005000725901000700775911001500782942001000797949007800807999001900885952014600904CHAP20220817044525.0120529s2012 it rn 00010 eng d a103235 a104207 a9789251065419 a114897 cCHAP04a619.616bF21y2 aFAO10aHealth and animal agriculture in developing countriesc/editado por David Zilberman aRoma :bFAO : Springer,c2012 axiv, 420 p. :bgráfs., diagramas., mapas, tablas 0aNatural Resource Management and Policy aBATCH-UPDb10c20130110lUCH01h1232 aBATCH-UPDb10c20130410lUCH01h0802 aBATCH-UPDb10c20130914lUCH01h1313 aCONVERSIONb10c20130109lUCH01h135714aEpidemiología.14aGanado.94488814aGanadoxEnfermedades.94490914aProducción animal.99185914aSanidad animal.910222114aZoonosis.91241941 aZilberman, Davide, ed.9124019 0aNatural Resource Management and Policy980410 aBK aen proceso cLIBRO a619.616 F21ybBCcFAOd33724002332108eFAO1gDonaciØnh116691i114897st c103235d103235 00104053708FAOaBCbBCcPP_FAOd2019-12-31eDonacionfLIBROi127l0o619.616 F21yp33724002332108r2019-12-31 00:00:00w2019-12-31yLIBRO